00477 a2200181 4500001000700000020001800007040001100025100002600036240003400062245002900096300000700125362000900132440001200141697001700153942000700170952009900177999001900276175358 a85-16-00662-X cMagnum aMurgel Branco, Samuel10aA deriva dos continenteslpor10aA deriva dos continentes a790 a1997 1aModerna aMISCELÀ‚NEA cBK 00104070a32.5b32.5d2024-06-08l0o0.121pMAG00023840r2024-06-08 20:48:54w2024-06-08yBK c175358d175358